000 01481nam a22002057a 4500
999 _c59691
_d59691
003 Ge_BSU
005 20230403150218.0
008 230403s1982 ge ||||| |||| 00| 0 geo d
041 _ageo
080 _a391.7(479.22)+903.25(479.2) ხ-52
100 _aხიდაშელი, მანანა
_910461
245 _aცენტრალური ამიერკავკასიის გრაფიკული ხელოვნება ადრეულ რკინის ხანაში (ბრინჯაოს გრავირებული სარტყლები) :
_bგამოკვლევა და კატალოგი /
_cივ. ჯავახიშვილის სახ. ისტორიის, არქეოლოგიისა და ეთნოგრაფიის ინ-ტი.
264 _aთბილისი :
_bმეცნიერება,
_c1982.
300 _a152გვ. :
_b22 ფ. ილ. ;
_c25სმ.
653 _aბრინჯაოს სარტყელები
653 _aრკინის ხანა ამიერკავკასიაში
653 _aგრაფიკული გამოსახულებები სარტყელებში
710 _aივ. ჯავახიშვილის სახ. ისტორიის, არქეოლოგიისა და ეთნოგრაფიის ინ-ტი.
_917437
942 _2udc
_cBK